Tam uvnitř

Saved in:
Bibliographic Details
Main Author Honza, Vojtíšek
Format Electronic eBook
LanguageCzech
Published Golden Dog 2025
Edition1. elektronické vydání
Subjects
Online AccessDostupné v BOOKPORT po přihlášení pomocí eduID
ISBN978-80-53027-17-5
978-80-53027-18-2
978-80-53027-16-8
Physical Description1 online zdroj (232 stran)

Cover

LEADER 00000nam a2200000 i 4500
001 bkp987308384
003 CZ-prgp
005 20260413161219.0
006 m o d
007 cr cn
008 260413s2025 xr o 000 1 cze
020 |a 978-80-53027-17-5  |c 249 Kč  |q (online ; pdf) 
020 |a 978-80-53027-18-2  |c 249 Kč  |q (online ; epub) 
020 |a 978-80-53027-16-8  |c 299 Kč  |q (print) 
040 |a Grada  |b cze  |e rda 
100 1 |a Honza, Vojtíšek 
245 1 0 |a Tam uvnitř  |c Vojtíšek Honza 
250 |a 1. elektronické vydání 
264 1 |b Golden Dog  |c 2025 
300 |a 1 online zdroj (232 stran) 
336 |a text  |b txt  |2 rdacontent 
337 |a počítač  |b c  |2 rdamedia 
338 |a online zdroj  |b cr  |2 rdacarrier 
520 3 |a Léto 1992. Zdenek se chystá na střední. Žije bezstarostným pubertálním životem. Koupaliště, muchlovačky, videohry... Dokud nezačne vídat něco, co mu nedá spát. Spolu s přítelkyní se dostávají do míst, v něž ani nevěřil. Do míst, kde duše může potkat mnohem horší a děsivější osud než sama smrt. Tam uvnitř je nadpřirozený psychologický hororový thriller vracející se nejen do 90. let, ale i do dětských představ, radostí, strachů a hrůz. 
650 0 4 |a Horory 
856 4 0 |u https://www.bookport.cz/AccountSaml/SignIn/?idp=https://shibboleth.utb.cz/idp/shibboleth&returnUrl=/kniha/tam-uvnitr-15952/  |y Dostupné v BOOKPORT po přihlášení pomocí eduID